000 00406cam a22001457a 4500
008 180718b1995 xxu||||| |||| 00| 0 eng d
020 _a0415053749
082 _aB1241 Y84
100 _aYoung, Robert J.C.
245 _aColonial desire: hybridity in theory, culture and race
_cby Robert J.C. Young
260 _aLondon
_bRoutledge
_c1995
300 _a236p.
650 _aCulture
650 _aMiscegenation
999 _c391572
_d391572